Estadísticas para Prueba de los Países Bajos

Haz click aquí para tomar la prueba!

Estadísticas generales

  • Esta prueba ha sido tomada 1.385 veces
  • La puntuación promedio es 12 de 23

Estadísticas de respuestas

PistaRespuesta% Correcto
Las ciudades más grandesÁmsterdam
98%
Países limítrofesBélgica
98%
Países limítrofesAlemania
97%
Idioma oficialNeerlandés
93%
Pintor de "La noche estrellada"Vincent Van Gogh
82%
Flor cuyos precios causaron una "manía" en el siglo XVIITulipán
76%
Deporte nacionalFútbol
75%
Las ciudades más grandesRóterdam
66%
Las ciudades más grandesLa Haya
62%
El país que una vez fue llamado las Indias Orientales NeerlandesasIndonesia
58%
La marca de cerveza más famosaHeineken
53%
Nombre del heredero del tronoPríncipe de {Orange}
37%
Isla caribeña compartida con FranciaSan Martín
35%
Aerolínea nacionalKLM
34%
Pintor de "La ronda de noche"Rembrandt
34%
El tipo de terraplén destinado a mantener el agua fueraDique
33%
Importante compañía petroleraRoyal Dutch Shell
32%
El banco más grandeING
29%
Moneda anteriorFlorín
27%
La cubierta de patatas fritas más popularMayonesa
19%
El actual reyGuillermo Alejandro
16%
Término para un pedazo de tierra reclamada rodeada por la respuesta anteriorPólder
14%
El científico que fue el primero en ver organismos unicelularesAnton van Leeuwenhoek
10%

Distribución de puntuación

Porcentaje por número respondido

Porcentaje de gente con cada puntuación

Historial de tus puntuaciones

No has tomado esta prueba